Label All Countries That Start With A - Statistics

General Stats
  • This quiz has been taken 25 times
  • The average score is 11 of 14
Answer Stats
Hint Answer % Correct
Africa Angola
100%
Europe Albania
96%
Caribbean Antigua and Barbuda
96%
South America Argentina
96%
Oceana Australia
96%
Europe Austria
96%
Asia Armenia
92%
Africa Algeria
88%
Europe Andorra
88%
Asia Azerbaijan
88%
Asia Afghanistan
75%
Caribbean Aruba
50%
Caribbean Anguilla
21%
Caribbean American Samoa
13%
No matching quizzes found
Score Distribution
Percent of People with Each Score
Percentile by Number Answered
Your Score History
You have not taken this quiz